000 00444nam a2200169Ia 4500
008 210210b1985 xxu||||| |||| 00| 0 eng d
082 _a428.2 HARW
100 _aHARDWICK (H C).
245 _aWords are important, first book of vocabulary improvement 1. Ed 1.
250 _a
260 _aAllahabad.
_bA H Wheeler & Co Pvt Ltd
_c1985
300 _a51
440 _a1
650 _aVocabulary
690 _aEnglish Usage
906 _a037623
999 _c87951
_d87951